Representaciones, identidades y ficciones: lectura crítica de las historias de la literatura latinoamericana
Uloženo v:
| Hlavní autor: | |
|---|---|
| Médium: | Kniha |
| Jazyk: | španělština |
| Vydáno: |
Bogotá
Universidad Nacional de Colombia
2010
|
| Edice: | Colección Biblioteca Abierta Literatura, 389
|
| Témata: | |
| Tagy: |
Přidat tag
Žádné tagy, Buďte první, kdo vytvoří štítek k tomuto záznamu!
|
MARC
| LEADER | 00000nam a2200000 a 4500 | ||
|---|---|---|---|
| 001 | UCG6882 | ||
| 003 | CL-VaPUC | ||
| 008 | 110526e20100000CK |||||||||||||||||spa|d | ||
| 020 | |a 9789587195439 | ||
| 082 | 0 | 4 | |a 860.9 |b ACO |2 21 |
| 100 | 0 | |a Acosta Peñaloza, Carmen Elisa |e author |9 557317 | |
| 245 | 1 | 0 | |a Representaciones, identidades y ficciones: lectura crítica de las historias de la literatura latinoamericana |
| 300 | |a 351 p | ||
| 942 | |c BK | ||
| 945 | |d 20110526 00:00:00 |a jcampos | ||
| 260 | |a Bogotá |b Universidad Nacional de Colombia |c 2010 | ||
| 650 | 0 | |a Literatura hispanoamericana |9 269097 | |
| 650 | 0 | |a Análisis literario |9 318386 | |
| 650 | 7 | |a HISTORIA LATINOAMERICANA |2 CL-VaPUC |9 347191 | |
| 650 | 7 | |a INTELECTUALISMO |2 CL-VaPUC |9 377120 | |
| 650 | 0 | |a Crítica e interpretación |9 255042 | |
| 583 | |a last modification |c 20110526 00:00:00 |k Rodrigo Vera | ||
| 490 | 0 | |a Colección Biblioteca Abierta Literatura, 389 | |
| 999 | |c 344991 |d 344989 | ||
| 952 | |0 0 |1 0 |4 0 |6 860_900000000000000_ACO_2010 |7 0 |8 A |9 443371 |a FDOPOS |b FDOPOS |d 2019-11-22 |i 4780159 |o 860.9 ACO 2010 |p 4780159 |r 2025-01-22 |w 2019-11-22 |y BK |k DLH | ||